[Event "GER-ch 88th"]
[Site "Apolda"]
[Date "2017.06.29"]
[Round "7"]
[White "Frischmann, Rick"]
[Black "Schneider, Jana"]
[Result "1/2-1/2"]
[WhiteElo "2302"]
[BlackElo "2261"]
[EventDate "2017.06.23"]
[PlyCount "80"]

1. e4 e6 2. d4 d5 3. Nd2 c5 4. exd5 Qxd5 5. Ngf3 cxd4 6. Bc4 Qd6 7. O-O Nf6 8. Nb3 Nc6 9. Nbxd4 Nxd4 10. Nxd4 a6 11. Re1 Qc7 12. Qe2 h6 13. h3 Bc5 14. Nf5 O-O 15. Nxh6+ gxh6 16. Qf3 Be7 17. Bd3 Kh8 18. Bxh6 Rg8 19. Bd2 Rg7 20. Bc3 Qd8 21. Qf4 Qd5 22. g4 Qg5 23. Qg3 Kg8 24. Re5 Qh6 25. g5 Qh5 26. Be2 Qh7 27. Bd3 Qh5 28. gxf6 Rxg3+ 29. fxg3 Qf3 30. Rg5+ Kf8 31. fxe7+ Kxe7 32. h4 Qe3+ 33. Kg2 b6 34. Rf1 Bb7+ 35. Kh3 a5 36. Bf6+ Kd6 37. Be5+ Ke7 38. Bf6+ Kd6 39. Be5+ Ke7 40. Bf6+ Kd6 1/2-1/2

[Event "GER-ch 88th"]
[Site "Apolda"]
[Date "2017.06.29"]
[Round "7"]
[White "Goepfert, Jakob"]
[Black "Heimrath, Reiner"]
[Result "0-1"]
[WhiteElo "2109"]
[BlackElo "2231"]
[EventDate "2017.06.23"]
[PlyCount "70"]

1. d4 d6 2. e4 Nf6 3. Nc3 g6 4. f4 Bg7 5. Nf3 O-O 6. Be3 c5 7. dxc5 Qa5 8. Bd3 dxc5 9. Qe2 c4 10. Bxc4 Nxe4 11. O-O Nxc3 12. bxc3 Qxc3 13. Rab1 Nc6 14. Rb3 Qa5 15. f5 Bxf5 16. Rxb7 Bg4 17. Rb5 Qc7 18. Rc5 Qd6 19. Rd5 Qb8 20. Qd2 Bxf3 21. gxf3 Ne5 22. Bb3 e6 23. Ra5 Rd8 24. Qf2 Nc6 25. Ra4 Qe5 26. c3 Rd3 27. Bxa7 Nxa7 28. Rxa7 Qg5+ 29. Kh1 Rxa7 30. Qxa7 Bxc3 31. Qa6 Re3 32. Rd1 Qf6 33. Rf1 Kg7 34. Qb7 Re2 35. Qc6 Be5 0-1

[Event "GER-ch 88th"]
[Site "Apolda"]
[Date "2017.06.29"]
[Round "7"]
[White "Heinert, Eugen"]
[Black "Neyman, Igor"]
[Result "0-1"]
[WhiteElo "2151"]
[BlackElo "2308"]
[EventDate "2017.06.23"]
[PlyCount "110"]

1. Nf3 c5 2. g3 Nc6 3. c4 g6 4. Bg2 Bg7 5. O-O Nh6 6. Nc3 O-O 7. b3 a6 8. Bb2 Nf5 9. d3 d6 10. Qd2 Rb8 11. Nd5 f6 12. e3 e6 13. Nf4 e5 14. Nd5 b5 15. Rad1 Be6 16. Ne1 Nfe7 17. Nc2 f5 18. f4 Bf7 19. Na3 Re8 20. Rfe1 Nb4 21. Nxb4 cxb4 22. Nc2 a5 23. e4 Qb6+ 24. Qf2 Qxf2+ 25. Kxf2 exf4 26. Bxg7 fxg3+ 27. hxg3 Kxg7 28. cxb5 Rxb5 29. Nd4 Re5 30. Bh3 Kf6 31. Nf3 Rc5 32. Rd2 h6 33. Rde2 Nc6 34. Bg2 Ne5 35. Rd2 Rc3 36. Bf1 Ng4+ 37. Kg2 d5 38. exf5 Rxe1 39. Nxe1 Ne3+ 40. Kf2 Nxf5 41. Nf3 Be6 42. Be2 h5 43. Bf1 Rc1 44. Bg2 g5 45. d4 Rc3 46. Re2 g4 47. Ng5 Kxg5 48. Rxe6 Rc2+ 49. Kg1 Nxg3 50. Re5+ Kf4 51. Bxd5 h4 52. Re8 h3 53. Rf8+ Ke3 54. Rh8 Ne2+ 55. Kh1 g3 0-1

[Event "GER-ch 88th"]
[Site "Apolda"]
[Date "2017.06.29"]
[Round "7"]
[White "Hoefelsauer, Thomas"]
[Black "Schmidt Schaeffer, Sebastian"]
[Result "1/2-1/2"]
[WhiteElo "2395"]
[BlackElo "2381"]
[EventDate "2017.06.23"]
[PlyCount "114"]

1. Nf3 d5 2. g3 Nf6 3. Bg2 e6 4. O-O Be7 5. d4 O-O 6. c4 b6 7. Nc3 Bb7 8. Ne5 Nbd7 9. Qa4 Nxe5 10. dxe5 Ne4 11. Nxe4 dxe4 12. Rd1 Qe8 13. Qc2 Qc6 14. Rd4 Qc5 15. Rd7 Rad8 16. Be3 Qxe5 17. Bf4 Qxf4 18. Rxd8 Qe5 19. Rxf8+ Kxf8 20. Rd1 a5 21. Qd2 Bd6 22. Qd4 Qf5 23. b3 h5 24. h4 Kg8 25. Qe3 Qe5 26. Bh3 Kh7 27. Qd4 Qxd4 28. Rxd4 Kg6 29. e3 f5 30. Rd1 Kf6 31. Bf1 e5 32. Be2 g6 33. Kf1 f4 34. Kg1 Bc8 35. Rd2 Be6 36. Bf1 Bg4 37. Bg2 Bc5 38. gxf4 exf4 39. exf4 e3 40. Rd5 e2 41. Re5 Bd4 42. Re4 c5 43. a4 Kf5 44. Bh1 Bc3 45. f3 Bxf3 46. Bxf3 e1=Q+ 47. Rxe1 Bxe1 48. Bd1 Kxf4 49. Bc2 g5 50. hxg5 Kxg5 51. Be4 Kf4 52. Bc6 Ke3 53. Kg2 Kd3 54. Kh1 Kc3 55. Bb5 Kxb3 56. Kg2 Kc3 57. Kh1 Kb2 1/2-1/2

[Event "GER-ch 88th"]
[Site "Apolda"]
[Date "2017.06.29"]
[Round "7"]
[White "Huschenbeth, Niclas"]
[Black "Engel, Luis"]
[Result "1-0"]
[WhiteElo "2585"]
[BlackElo "2319"]
[EventDate "2017.06.23"]
[PlyCount "45"]

1. e4 c5 2. Nc3 a6 3. g3 b5 4. Bg2 Bb7 5. d3 e6 6. f4 d5 7. f5 d4 8. fxe6 fxe6 9. Nce2 e5 10. Nf3 Nc6 11. O-O Be7 12. c3 Qd6 13. cxd4 cxd4 14. a4 Qe6 15. Kh1 h6 16. Nxe5 Qxe5 17. Nf4 Rh7 18. Nd5 Bd6 19. axb5 axb5 20. Rxa8+ Bxa8 21. Qb3 Nce7 22. Bf4 Bxd5 23. exd5 1-0

[Event "GER-ch 88th"]
[Site "Apolda"]
[Date "2017.06.29"]
[Round "7"]
[White "Kalinitschew, Sergey"]
[Black "Hirneise, Jens"]
[Result "1-0"]
[WhiteElo "2426"]
[BlackElo "2328"]
[EventDate "2017.06.23"]
[PlyCount "85"]

1. Nf3 Nf6 2. d4 g6 3. Bg5 Bg7 4. c3 c5 5. e3 cxd4 6. exd4 O-O 7. Be2 d6 8. Nbd2 Qc7 9. Qa4 Nc6 10. O-O Bd7 11. Rfe1 h6 12. Bh4 g5 13. Bg3 Nh5 14. Qa3 Nxg3 15. hxg3 d5 16. Bd3 e6 17. Re2 f5 18. Rae1 g4 19. Ne5 Nxe5 20. dxe5 Rf7 21. Qb4 Bf8 22. Qf4 Qd8 23. c4 Bc6 24. Nb3 Qg5 25. Nd4 Re8 26. Rc2 Bb4 27. Rec1 Ba5 28. cxd5 Bxd5 29. Nb5 Ra8 30. Nd6 Rff8 31. Qxg5+ hxg5 32. Bxf5 exf5 33. Rc5 Bxa2 34. Rxa5 Be6 35. Rc7 Rfd8 36. Re7 Bc8 37. Rc5 Bd7 38. Rc7 Be8 39. Rg7+ Kh8 40. Rh7+ Kg8 41. Rcg7+ Kf8 42. e6 Rxd6 43. e7# 1-0

[Event "GER-ch 88th"]
[Site "Apolda"]
[Date "2017.06.29"]
[Round "7"]
[White "Langheinrich, Ferenc"]
[Black "Kolbus, Dietmar"]
[Result "1/2-1/2"]
[WhiteElo "2364"]
[BlackElo "2306"]
[EventDate "2017.06.23"]
[PlyCount "81"]

1. e4 e5 2. Nf3 Nf6 3. Nxe5 d6 4. Nf3 Nxe4 5. Nc3 Nxc3 6. dxc3 Be7 7. Be3 Nc6 8. Qd2 Be6 9. Ng5 Bxg5 10. Bxg5 Qd7 11. Be2 a6 12. b3 O-O 13. O-O Bg4 14. f3 Be6 15. Rfe1 f6 16. Bf4 Rfe8 17. Bf1 Bf7 18. Kf2 Rxe1 19. Rxe1 Re8 20. Rxe8+ Qxe8 21. Be2 Qe7 22. Ke1 Kf8 23. Kd1 Bg6 24. Kc1 Bf7 25. Kb2 Bg6 26. g4 h6 27. h4 Bh7 28. Be3 Ke8 29. a4 Kf8 30. g5 hxg5 31. hxg5 Bf5 32. gxf6 gxf6 33. Bf2 Qh7 34. Be3 Ke8 35. Bd1 Qe7 36. Be2 Qh7 37. Bd1 Qe7 38. Be2 Qh7 39. Bd1 Qe7 40. Be2 Qh7 41. Bd1 1/2-1/2

[Event "GER-ch 88th"]
[Site "Apolda"]
[Date "2017.06.29"]
[Round "7"]
[White "Meier, Georg"]
[Black "Nisipeanu, Liviu Dieter"]
[Result "1/2-1/2"]
[WhiteElo "2644"]
[BlackElo "2683"]
[EventDate "2017.06.23"]
[PlyCount "70"]

1. Nf3 Nf6 2. g3 d5 3. Bg2 e6 4. O-O Be7 5. c4 O-O 6. d4 dxc4 7. Qc2 b6 8. Bg5 Nd5 9. Bxe7 Qxe7 10. e4 Nb4 11. Qc3 Bb7 12. Nbd2 c5 13. a3 N4a6 14. Qxc4 Nc6 15. Nb3 Nxd4 16. Nfxd4 cxd4 17. Qxd4 e5 18. Qe3 Rad8 19. Rac1 Nc7 20. Rfd1 Rxd1+ 21. Rxd1 Rd8 22. Rxd8+ Qxd8 23. Qd2 Qxd2 24. Nxd2 f6 25. Bf1 Kf8 26. f3 Ne8 27. Kf2 Nd6 28. Nc4 Nxc4 29. Bxc4 Ke7 30. Ke3 Kd6 31. b4 Bc8 32. Bd3 Bd7 33. Bc4 Bc8 34. Bd3 Bd7 35. Bc4 Bc8 1/2-1/2

[Event "GER-ch 88th"]
[Site "Apolda"]
[Date "2017.06.29"]
[Round "7"]
[White "Meister, Jakob [RUS]"]
[Black "Kollars, Dmitrij"]
[Result "1-0"]
[WhiteElo "2433"]
[BlackElo "2510"]
[EventDate "2017.06.23"]
[PlyCount "65"]

1. c4 Nf6 2. Nc3 g6 3. e4 d6 4. d4 Bg7 5. Bd3 O-O 6. Nge2 Nc6 7. O-O e5 8. d5 Nd4 9. Rb1 c5 10. dxc6 bxc6 11. b4 Be6 12. a4 Nd7 13. Nxd4 exd4 14. Ne2 c5 15. Nf4 cxb4 16. Rxb4 Nc5 17. Nxe6 fxe6 18. Bc2 Qa5 19. Ba3 a6 20. Qe2 d3 21. Bxd3 Nxa4 22. Rxa4 Qxa4 23. Bxd6 Rf7 24. e5 Bf8 25. c5 Rf4 26. g3 Rd4 27. Bc2 Qb4 28. Qf3 Bxd6 29. Qxa8+ Bf8 30. Qxa6 Kf7 31. c6 Qc3 32. Bb3 Rb4 33. c7 1-0

[Event "GER-ch 88th"]
[Site "Apolda"]
[Date "2017.06.29"]
[Round "7"]
[White "Middelhoff, Cornelius"]
[Black "Bussard, Christian"]
[Result "1-0"]
[WhiteElo "2131"]
[BlackElo "2251"]
[EventDate "2017.06.23"]
[PlyCount "87"]

1. d4 Nf6 2. c4 e6 3. Nf3 c5 4. d5 b5 5. dxe6 fxe6 6. cxb5 d5 7. e3 Bd6 8. Nc3 O-O 9. Be2 a6 10. O-O Qe7 11. e4 Nxe4 12. Nxe4 dxe4 13. Ng5 Bb7 14. Bc4 axb5 15. Bxe6+ Kh8 16. Be3 Na6 17. Nf7+ Rxf7 18. Bxf7 Rf8 19. Bh5 Nb4 20. Be2 Bc6 21. Qd2 c4 22. a4 Rd8 23. Bg5 Qe5 24. g3 Be7 25. Qxd8+ Bxd8 26. Bxd8 bxa4 27. Rac1 Qxb2 28. Rxc4 Qxe2 29. Rxb4 e3 30. Rf4 h6 31. Bb6 exf2+ 32. Bxf2 a3 33. Re1 Qh5 34. h4 a2 35. Bd4 Qd5 36. Rfe4 Kh7 37. Kf2 Qf5+ 38. Rf4 Qh3 39. Rf7 Qh2+ 40. Ke3 Qxg3+ 41. Kd2 Qg2+ 42. Kc1 Qd5 43. Rxg7+ Kh8 44. Rd7+ 1-0

[Event "GER-ch 88th"]
[Site "Apolda"]
[Date "2017.06.29"]
[Round "7"]
[White "Miller, Eduard"]
[Black "Tischbierek, Raj"]
[Result "1-0"]
[WhiteElo "2319"]
[BlackElo "2452"]
[EventDate "2017.06.23"]
[PlyCount "139"]

1. e4 c5 2. Nf3 Nc6 3. g3 g6 4. Bg2 Bg7 5. O-O e5 6. d3 Nge7 7. a3 d5 8. Nc3 d4 9. Nd5 O-O 10. c4 dxc3 11. bxc3 Nxd5 12. exd5 Qxd5 13. Nd4 Qd6 14. Nxc6 bxc6 15. Qa4 Qxd3 16. Be3 Ba6 17. Bxc6 Rac8 18. Bxc5 Rxc6 19. Qxc6 Bb5 20. Qb7 Re8 21. Rfd1 Qc4 22. Rab1 a6 23. Qd5 Qa4 24. Rb4 Qc2 25. c4 Ba4 26. Rd2 Qc1+ 27. Kg2 Bc2 28. Rb7 Be4+ 29. Qxe4 Qxd2 30. Qf3 f5 31. Qc6 Qd8 32. Bd6 Qc8 33. Qd5+ Qe6 34. Qxe6+ Rxe6 35. c5 e4 36. c6 Rxd6 37. c7 Rc6 38. Rb8+ Bf8 39. c8=Q Rxc8 40. Rxc8 Kg7 41. Rc7+ Kh6 42. a4 a5 43. Rf7 Bc5 44. Kf1 Bd4 45. Ke2 Bc5 46. f3 exf3+ 47. Kxf3 Bb4 48. h3 Bc3 49. g4 fxg4+ 50. hxg4 Bb4 51. Rd7 Ba3 52. Rd5 Bb4 53. Kf4 Kg7 54. Rd7+ Kg8 55. Kg5 Ba3 56. Rd8+ Kg7 57. Rd7+ Kg8 58. Kf6 Bb2+ 59. Ke6 Bc3 60. Rc7 Bd4 61. Rc4 Bb6 62. Rc8+ Kg7 63. Ra8 h5 64. g5 h4 65. Rb8 Bd4 66. Rb7+ Kg8 67. Rd7 Bb2 68. Rd2 Bc1 69. Rd8+ Kg7 70. Rd7+ 1-0

[Event "GER-ch 88th"]
[Site "Apolda"]
[Date "2017.06.29"]
[Round "7"]
[White "Schmitt, Philipp"]
[Black "Kersten, Uwe"]
[Result "0-1"]
[WhiteElo "2174"]
[BlackElo "2257"]
[EventDate "2017.06.23"]
[PlyCount "104"]

1. e4 c5 2. Nf3 d6 3. d4 cxd4 4. Nxd4 Nf6 5. Nc3 Nc6 6. Bg5 e6 7. Qd2 a6 8. O-O-O Bd7 9. f4 b5 10. a3 Rc8 11. Be2 h6 12. Bxf6 Qxf6 13. e5 dxe5 14. Ndxb5 Qxf4 15. Qxf4 exf4 16. Nd6+ Bxd6 17. Rxd6 Nb8 18. Bxa6 Nxa6 19. Rxa6 Bc6 20. Rf1 g5 21. Rf2 O-O 22. Ra5 f6 23. a4 Rfd8 24. Rc5 e5 25. Re2 g4 26. b4 f3 27. gxf3 gxf3 28. Rd2 Re8 29. b5 Ba8 30. Rxc8 Rxc8 31. Nd1 f5 32. a5 e4 33. Rd4 f4 34. Kd2 e3+ 35. Nxe3 fxe3+ 36. Kxe3 Rxc2 37. Rd2 Rc3+ 38. Kf2 Be4 39. b6 Rb3 40. Rd4 Bc6 41. Rd6 Rb2+ 42. Ke3 Re2+ 43. Kd3 Be4+ 44. Kc4 Kf7 45. Rd7+ Ke6 46. Rd8 Ke7 47. Rd1 f2 48. Rf1 Bg2 49. a6 Bxf1 50. b7 Rb2+ 51. Kc3 Bxa6 52. Kxb2 Bxb7 0-1

[Event "GER-ch 88th"]
[Site "Apolda"]
[Date "2017.06.29"]
[Round "7"]
[White "Svane, Rasmus"]
[Black "Jugelt, Tobias"]
[Result "1-0"]
[WhiteElo "2581"]
[BlackElo "2431"]
[EventDate "2017.06.23"]
[PlyCount "63"]

1. d4 d5 2. c4 e6 3. Nc3 f5 4. Bf4 c6 5. e3 Nf6 6. Bd3 Bd6 7. Nf3 O-O 8. Qc2 Ne4 9. O-O Bxf4 10. exf4 Nd7 11. Rac1 h6 12. b4 a6 13. c5 g5 14. Ne2 Qf6 15. Rce1 Qg7 16. Ne5 gxf4 17. Nxf4 Nxe5 18. dxe5 Bd7 19. f3 Qxe5 20. fxe4 fxe4 21. Bxe4 Qd4+ 22. Qf2 Qxf2+ 23. Rxf2 dxe4 24. Rxe4 a5 25. Rd2 Rf7 26. Ng6 axb4 27. Ne5 b3 28. a4 Be8 29. Nxf7 Bxf7 30. Rb4 e5 31. Rd7 Rf8 32. Rdxb7 1-0

[Event "GER-ch 88th"]
[Site "Apolda"]
[Date "2017.06.29"]
[Round "7"]
[White "Telljohann, Sven"]
[Black "Rehberg, Raphael"]
[Result "1-0"]
[WhiteElo "2407"]
[BlackElo "2264"]
[EventDate "2017.06.23"]
[PlyCount "59"]

1. g3 Nf6 2. Bg2 d5 3. c4 e6 4. Nf3 Be7 5. b3 O-O 6. O-O c5 7. Bb2 Nc6 8. e3 d4 9. exd4 cxd4 10. Re1 Re8 11. d3 Bb4 12. Re2 e5 13. a3 Bf8 14. b4 Qd6 15. Nbd2 Bg4 16. Ne4 Nxe4 17. Rxe4 f5 18. Rxg4 fxg4 19. Ng5 Nd8 20. Qxg4 h6 21. Bd5+ Kh8 22. Re1 Be7 23. Nf3 Bf6 24. Nxd4 Nc6 25. Nf5 Qc7 26. Qg6 Ne7 27. Nxe7 Rxe7 28. Be4 Kg8 29. Qh7+ Kf7 30. Bd5+ 1-0

[Event "GER-ch 88th"]
[Site "Apolda"]
[Date "2017.06.29"]
[Round "7"]
[White "Tonndorf, Matthias"]
[Black "Jahncke, Giso"]
[Result "1/2-1/2"]
[WhiteElo "2256"]
[BlackElo "2340"]
[EventDate "2017.06.23"]
[PlyCount "129"]

1. e4 c5 2. Nf3 Nc6 3. b3 e5 4. Bc4 g6 5. h4 h6 6. Nc3 Nf6 7. Nd5 d6 8. Nxf6+ Qxf6 9. Ng1 h5 10. d3 Bh6 11. Bxh6 Rxh6 12. Qd2 Rh8 13. Ne2 a6 14. O-O-O Bd7 15. Kb1 O-O-O 16. Rdf1 Qg7 17. Nc3 b5 18. Bd5 b4 19. Bxc6 Bxc6 20. Nd1 f5 21. f3 f4 22. g3 Rdf8 23. Rfg1 fxg3 24. Rxg3 Rf4 25. Qg2 Be8 26. Ne3 Bf7 27. Qh3+ Kc7 28. Rhg1 Rg8 29. Rg5 Qf8 30. R1g3 Rf6 31. Qg2 a5 32. Nc4 Qa8 33. Qf2 Qa7 34. Nb2 Kc6 35. Rg1 Be6 36. R1g3 Qf7 37. Nc4 Bxc4 38. dxc4 Rf8 39. Qd2 Qe6 40. Qd3 Kc7 41. Kc1 Qf7 42. Qd2 a4 43. bxa4 Qxc4 44. Rxg6 Qxa2 45. Rg7+ R8f7 46. Rxf7+ Rxf7 47. Qd5 Qxd5 48. exd5 Kb6 49. Rg6 Rd7 50. Rg8 c4 51. Rc8 c3 52. Kb1 Rg7 53. Ka2 Rg1 54. Kb3 Rb1+ 55. Kc4 Rb2 56. Kd3 Ka5 57. Rc6 Kxa4 58. Rxd6 Kb5 59. Rd8 Rb1 60. Rc8 Rd1+ 61. Ke4 Rd2 62. Rb8+ Kc5 63. Rc8+ Kb5 64. Rb8+ Kc5 65. Rc8+ 1/2-1/2

[Event "GER-ch 88th"]
[Site "Apolda"]
[Date "2017.06.29"]
[Round "7"]
[White "Zude, Arno"]
[Black "Schulz, Karsten"]
[Result "0-1"]
[WhiteElo "2398"]
[BlackElo "2274"]
[EventDate "2017.06.23"]
[PlyCount "48"]

1. e4 d6 2. d4 Nf6 3. Nc3 e5 4. Nf3 exd4 5. Nxd4 Be7 6. Be2 O-O 7. Bf4 Nc6 8. Qd2 a6 9. O-O-O Nxd4 10. Qxd4 Be6 11. f3 b5 12. g4 c5 13. Qd2 b4 14. Nd5 Nxd5 15. exd5 Bd7 16. Bd3 Bb5 17. Be4 Qa5 18. Kb1 Bf6 19. Bxd6 Rfd8 20. Bf4 c4 21. b3 Rac8 22. g5 Bc3 23. Qf2 Bd7 24. h4 Rc5 0-1

[Event "GER-ch 88th"]
[Site "Apolda"]
[Date "2017.06.30"]
[Round "8"]
[White "Buhmann, Rainer"]
[Black "Neyman, Igor"]
[Result "1/2-1/2"]
[WhiteElo "2588"]
[BlackElo "2308"]
[EventDate "2017.06.23"]
[PlyCount "119"]

1. d4 d5 2. Nf3 Nf6 3. c4 e6 4. g3 Bb4+ 5. Bd2 Be7 6. Bg2 c6 7. O-O O-O 8. Bf4 b6 9. Nc3 Nh5 10. Be5 f6 11. Bxb8 Rxb8 12. cxd5 cxd5 13. e4 dxe4 14. Nxe4 g6 15. Qe2 Ng7 16. Rfd1 Bb7 17. Ne1 Re8 18. Nc2 Nf5 19. h4 Bf8 20. a4 Bg7 21. h5 Re7 22. Nc3 Bxg2 23. Kxg2 Qe8 24. hxg6 hxg6 25. Qf3 Rd8 26. a5 Red7 27. axb6 axb6 28. d5 exd5 29. Rxd5 Rxd5 30. Nxd5 Qe5 31. Rd1 Bf8 32. b3 Rd6 33. Rd3 Kf7 34. Nf4 Rxd3 35. Qxd3 Bd6 36. Kf1 Ne7 37. Qc4+ Ke8 38. Nd3 Qd5 39. Ne3 Qxc4 40. bxc4 Kd7 41. Ke2 Ke6 42. Kd2 g5 43. Kc3 f5 44. Nc2 Bc5 45. Nd4+ Bxd4+ 46. Kxd4 Nc6+ 47. Kc3 Kd6 48. Ne1 Ne5 49. Kb4 Kc6 50. f3 Kc7 51. Kb5 Nc6 52. Nc2 Na7+ 53. Ka6 Nc6 54. f4 gxf4 55. gxf4 Nb8+ 56. Kb5 Nc6 57. c5 bxc5 58. Kxc5 Ne7 59. Nd4 Kd7 60. Nxf5 1/2-1/2

[Event "GER-ch 88th"]
[Site "Apolda"]
[Date "2017.06.30"]
[Round "8"]
[White "Dobierzin, Olaf"]
[Black "Schmitt, Philipp"]
[Result "0-1"]
[WhiteElo "2020"]
[BlackElo "2174"]
[EventDate "2017.06.23"]
[PlyCount "62"]

1. e4 e6 2. d4 d5 3. e5 c5 4. c3 Qb6 5. Nf3 Nc6 6. a3 Nh6 7. b4 cxd4 8. cxd4 Nf5 9. Be3 f6 10. exf6 gxf6 11. Bd3 Nxe3 12. fxe3 Bd7 13. O-O Bh6 14. Qe2 O-O-O 15. Nc3 Kb8 16. Kh1 Rc8 17. Na4 Qc7 18. Nc5 Qd6 19. Rfc1 Rc7 20. Rc3 e5 21. Nxd7+ Rxd7 22. Bf5 Rc7 23. Qc2 e4 24. Rc1 exf3 25. b5 Nxd4 26. exd4 Bxc1 27. Qxc1 Rxc3 28. Qxc3 fxg2+ 29. Kxg2 Rg8+ 30. Kh1 Qf4 31. Bh3 Qe4+ 0-1

[Event "GER-ch 88th"]
[Site "Apolda"]
[Date "2017.06.30"]
[Round "8"]
[White "Donchenko, Alexander"]
[Black "Meier, Georg"]
[Result "1/2-1/2"]
[WhiteElo "2573"]
[BlackElo "2644"]
[EventDate "2017.06.23"]
[PlyCount "80"]

1. d4 Nf6 2. c4 e6 3. g3 Bb4+ 4. Nd2 c5 5. dxc5 Bxc5 6. Bg2 Qc7 7. Nh3 h6 8. Nf4 Nc6 9. O-O b6 10. a3 Bb7 11. b4 Be7 12. Bb2 d6 13. Rc1 Ne5 14. Bxe5 dxe5 15. Qa4+ Nd7 16. Nd5 exd5 17. cxd5 Qb8 18. Bh3 O-O 19. Bxd7 Bxd5 20. Bc6 Bxc6 21. Rxc6 a6 22. Rfc1 b5 23. Qb3 a5 24. Ne4 axb4 25. axb4 Qb7 26. Qf3 Ra7 27. Qf5 f6 28. Qe6+ Kh8 29. Nc5 Bxc5 30. R1xc5 Qd7 31. Qxd7 Rxd7 32. Rxb5 Ra8 33. Rbc5 Ra4 34. b5 Rb4 35. b6 Rb7 36. h4 R4xb6 37. Rxb6 Rxb6 38. Kg2 Rb4 39. Ra5 Kh7 40. Kf3 h5 1/2-1/2

[Event "GER-ch 88th"]
[Site "Apolda"]
[Date "2017.06.30"]
[Round "8"]
[White "Engel, Luis"]
[Black "Langheinrich, Ferenc"]
[Result "1/2-1/2"]
[WhiteElo "2319"]
[BlackElo "2364"]
[EventDate "2017.06.23"]
[PlyCount "128"]

1. e4 d5 2. exd5 Qxd5 3. Nc3 Qd8 4. d4 Nf6 5. Bc4 Bg4 6. Nf3 e6 7. h3 Bxf3 8. Qxf3 c6 9. Be3 Nbd7 10. Bb3 Be7 11. Ne4 Nd5 12. Bd2 O-O 13. c4 N5f6 14. Bc2 b5 15. c5 e5 16. dxe5 Nxe5 17. Qf5 Ned7 18. O-O-O g6 19. Nxf6+ Bxf6 20. Qf4 Be5 21. Qf3 Qf6 22. Qxf6 Nxf6 23. Bg5 Kg7 24. Rhe1 Rfe8 25. g3 a5 26. Kb1 a4 27. Re2 Bc7 28. Rde1 Rxe2 29. Rxe2 Nd5 30. Bd2 Rd8 31. Be4 Rd7 32. Kc2 Bd8 33. Bf3 Re7 34. Rxe7 Nxe7 35. Bc3+ f6 36. Kd3 Kf7 37. Bg4 f5 38. Bf3 Ke6 39. Bg7 Ba5 40. Bg2 Bb4 41. Bd4 Nd5 42. a3 Ba5 43. Bf3 Bd8 44. Bd1 h5 45. h4 Bc7 46. Bf3 Ba5 47. Bg2 Be1 48. Kc2 Ne7 49. Kd1 Ba5 50. f4 Nd5 51. Ke2 Bd8 52. Kd3 Ba5 53. Bf2 Bd8 54. Bf3 Be7 55. Bd4 Bf8 56. Bd1 Be7 57. b3 axb3 58. Bxb3 Bd8 59. a4 bxa4 60. Bxa4 Ba5 61. Bf2 Kd7 62. Bb3 Ke6 63. Kd4 Bc3+ 64. Kc4 Ba5 1/2-1/2

[Event "GER-ch 88th"]
[Site "Apolda"]
[Date "2017.06.30"]
[Round "8"]
[White "Fuchs, Florian"]
[Black "Kolbus, Dietmar"]
[Result "1-0"]
[WhiteElo "2335"]
[BlackElo "2306"]
[EventDate "2017.06.23"]
[PlyCount "97"]

1. e4 c6 2. d4 d5 3. Nd2 dxe4 4. Nxe4 Bf5 5. Ng3 Bg6 6. Nh3 e6 7. Nf4 Bd6 8. Nfh5 Bf8 9. c3 Nd7 10. Bc4 Ngf6 11. O-O Nxh5 12. Nxh5 Nf6 13. Nf4 Nd5 14. Re1 Be7 15. Qf3 O-O 16. Nxg6 hxg6 17. Bb3 Bf6 18. g3 Re8 19. h4 Rc8 20. Kg2 Rc7 21. Bd2 Rd7 22. Re2 b5 23. Rh1 e5 24. dxe5 Rxe5 25. Rxe5 Bxe5 26. h5 g5 27. Qf5 Bf6 28. Bc2 Kf8 29. Qg4 Nf4+ 30. Bxf4 gxf4 31. Qxf4 Rd2 32. Bb3 Qd6 33. Qxd6+ Rxd6 34. Rb1 c5 35. Kf1 b4 36. cxb4 cxb4 37. Rc1 Rd7 38. Rc2 a5 39. Kg2 Ra7 40. Ba4 Bd4 41. f4 Ke7 42. Rd2 Bb6 43. g4 Rc7 44. Kf3 Bc5 45. g5 Ke6 46. Bb3+ Ke7 47. f5 Rc6 48. h6 gxh6 49. f6+ 1-0

[Event "GER-ch 88th"]
[Site "Apolda"]
[Date "2017.06.30"]
[Round "8"]
[White "Heimrath, Reiner"]
[Black "Bussard, Christian"]
[Result "1-0"]
[WhiteElo "2231"]
[BlackElo "2251"]
[EventDate "2017.06.23"]
[PlyCount "161"]

1. Nf3 Nf6 2. g3 d6 3. d4 Nbd7 4. c4 e5 5. Nc3 Be7 6. Bg2 O-O 7. O-O c6 8. Qc2 Re8 9. b3 Bf8 10. e4 Qc7 11. Bb2 g6 12. Rad1 Bg7 13. h3 exd4 14. Nxd4 Nc5 15. Rfe1 Bd7 16. b4 Ne6 17. Qd2 Rad8 18. Nb3 Bc8 19. Kh2 Nf8 20. b5 Be6 21. Qd3 h5 22. bxc6 h4 23. Nb5 hxg3+ 24. fxg3 Qe7 25. c7 Ra8 26. Nxd6 Qxc7 27. Nxe8 Rxe8 28. e5 N6d7 29. Qe4 Rb8 30. Rc1 Bh6 31. Rcd1 Bg7 32. Bf1 Re8 33. Bg2 Rb8 34. Qe3 a6 35. Bd5 Re8 36. Qf4 Nb6 37. Qf3 Nxc4 38. Ba1 Nxe5 39. Bxe5 Bxe5 40. Bxe6 Rxe6 41. Re3 Nh7 42. Rde1 Kg7 43. Qg2 Nf6 44. Nd2 Nh5 45. Nf1 b5 46. R1e2 a5 47. Rc2 Qb8 48. Kh1 b4 49. Qd5 a4 50. Rce2 Nf6 51. Qa5 Nd7 52. Qxa4 Qb7+ 53. Kh2 Rf6 54. Qd1 Qc7 55. Rg2 Rf5 56. Rf3 Rh5 57. Rc2 Qb7 58. Qd3 Nf6 59. Kg2 Ne4 60. g4 Rh8 61. Re2 Ng5 62. Rxe5 Nxf3 63. Qxf3 Qxf3+ 64. Kxf3 Rxh3+ 65. Ng3 Rh8 66. Re2 Ra8 67. g5 Ra3+ 68. Kf4 b3 69. axb3 Rxb3 70. Re8 f5 71. Re7+ Kf8 72. Rc7 Rb4+ 73. Ke5 Rb5+ 74. Kd6 Rb3 75. Ne2 Kg8 76. Nf4 Rg3 77. Ne6 f4 78. Ke5 f3 79. Kf6 f2 80. Rc8+ Kh7 81. Nf8+ 1-0

[Event "GER-ch 88th"]
[Site "Apolda"]
[Date "2017.06.30"]
[Round "8"]
[White "Hirneise, Jens"]
[Black "Frischmann, Rick"]
[Result "1/2-1/2"]
[WhiteElo "2328"]
[BlackElo "2302"]
[EventDate "2017.06.23"]
[PlyCount "155"]

1. e4 c5 2. Nf3 e6 3. d4 cxd4 4. Nxd4 a6 5. Bd3 g6 6. O-O Bg7 7. Be3 Ne7 8. f4 d5 9. e5 f6 10. exf6 Bxf6 11. Nd2 O-O 12. N2f3 Nbc6 13. c3 Qc7 14. Qd2 Bd7 15. Rae1 e5 16. fxe5 Nxe5 17. Bf4 Nxf3+ 18. Rxf3 Qb6 19. Be3 Qd6 20. Ref1 Bg7 21. Nb3 Rxf3 22. Rxf3 Re8 23. Bc5 Qc7 24. Bf1 Be6 25. Bd4 Nc6 26. Bxg7 Kxg7 27. Re3 Re7 28. Nd4 Bf7 29. Nxc6 Rxe3 30. Qd4+ Kg8 31. Qxe3 Qxc6 32. Qd4 Qe6 33. b3 Qe1 34. a4 Qa1 35. Qe5 a5 36. Qb8+ Kg7 37. Qc7 b6 38. Qe5+ Kg8 39. Qb8+ Kg7 40. Qe5+ Kg8 41. Qd4 Qb2 42. b4 axb4 43. Qxb4 Qa1 44. Kf2 Be8 45. Qxb6 Qxa4 46. Qe3 Qh4+ 47. Kg1 Bf7 48. g3 Qg4 49. Be2 Qf5 50. g4 Qf6 51. g5 Qe6 52. Kf2 Qf5+ 53. Ke1 Kf8 54. Kd2 Kg8 55. h3 Qb1 56. h4 Qa2+ 57. Ke1 Qa4 58. Qg3 Qe4 59. Kf2 d4 60. Bd3 Qd5 61. c4 Qa5 62. Qb8+ Kg7 63. Qf4 Qc3 64. Qe5+ Kg8 65. Qe2 Qc1 66. Kg2 Qf4 67. Qe1 h6 68. gxh6 Kh7 69. Qg3 Qd2+ 70. Kg1 Qc1+ 71. Bf1 Kxh6 72. Qe5 Qe3+ 73. Qxe3+ dxe3 74. Kg2 Bxc4 75. Bxc4 g5 76. hxg5+ Kxg5 77. Kf3 e2 78. Bxe2 1/2-1/2

[Event "GER-ch 88th"]
[Site "Apolda"]
[Date "2017.06.30"]
[Round "8"]
[White "Jahncke, Giso"]
[Black "Zude, Arno"]
[Result "1-0"]
[WhiteElo "2340"]
[BlackElo "2398"]
[EventDate "2017.06.23"]
[PlyCount "69"]

1. e4 e5 2. Nf3 Nc6 3. Bc4 Bc5 4. c3 Nf6 5. d3 O-O 6. O-O d6 7. Bg5 h6 8. Bh4 g5 9. Nxg5 hxg5 10. Bxg5 Kg7 11. b4 Bb6 12. Qf3 Rh8 13. Nd2 Nb8 14. h4 Nbd7 15. Bb3 Qg8 16. Nc4 Qh7 17. a4 a5 18. Nxb6 cxb6 19. Qe3 Nh5 20. f4 f6 21. fxe5 dxe5 22. Rf5 Rf8 23. Raf1 axb4 24. cxb4 b5 25. axb5 Ra3 26. Bc4 Ra4 27. g4 Nf4 28. Bxf4 exf4 29. Qxf4 Rxb4 30. e5 Qg6 31. e6 Nb6 32. h5 Qh6 33. g5 Qxh5 34. gxf6+ Rxf6 35. Rg5+ 1-0

[Event "GER-ch 88th"]
[Site "Apolda"]
[Date "2017.06.30"]
[Round "8"]
[White "Jugelt, Tobias"]
[Black "Huschenbeth, Niclas"]
[Result "1/2-1/2"]
[WhiteElo "2431"]
[BlackElo "2585"]
[EventDate "2017.06.23"]
[PlyCount "106"]

1. d4 d5 2. Nf3 Nf6 3. e3 c5 4. b3 cxd4 5. exd4 Nc6 6. a3 Bg4 7. Be2 e6 8. Bb2 Be7 9. O-O O-O 10. Ne5 Nxe5 11. dxe5 Bxe2 12. Qxe2 Ne4 13. b4 a5 14. c3 Qb6 15. Kh1 f6 16. f3 Ng5 17. Nd2 fxe5 18. Qxe5 Bf6 19. Qe2 a4 20. Rab1 Rac8 21. c4 Bxb2 22. Rxb2 Qd4 23. Rc2 e5 24. Rd1 Qf4 25. Qd3 dxc4 26. Rxc4 Rcd8 27. Qe2 Rd4 28. Rxd4 exd4 29. Qc4+ Kh8 30. Qd5 Nf7 31. Ne4 Rd8 32. Qxb7 d3 33. Qb6 h6 34. h3 Kg8 35. b5 Rc8 36. Qd4 Ne5 37. Qd5+ Kh8 38. Nf2 Rc1 39. b6 d2 40. b7 Nc6 41. Kg1 Qe3 42. Kh2 Qxf2 43. Qxd2 Qxd2 44. Rxd2 Rb1 45. Rd6 Rxb7 46. Rxc6 Rb3 47. Ra6 Rxa3 48. h4 h5 49. Ra5 g6 50. Ra7 Kg8 51. Kg3 Ra2 52. Kh3 Ra3 53. Kg3 Ra2 1/2-1/2